Body parts - Statistics

General Stats
  • This quiz has been taken 36 times
  • The average score is 14 of 22
Answer Stats
Hint Answer % Correct
Part Arm
94%
Part Ear
94%
Part Eye
91%
Part Foot
84%
Part Hand
84%
Part Head
84%
Part Nose
84%
Part Mouth
78%
Part Knee
75%
Part Knee
75%
Part Toe
75%
Part Finger
72%
Part Neck
66%
Part Chest
59%
Part Hair
56%
Part Stomach
56%
Part Elbow
53%
Part Shoulder
50%
Part Heel
16%
Part Waist
16%
Part Jaw
3%
Part Toe nail
0%
No matching quizzes found
Score Distribution
Percent of People with Each Score
Percentile by Number Answered
Your Score History
You have not taken this quiz